Marvel's X-Men: Apocalypse Characters Quiz - Statistics

General Stats
  • This quiz has been taken 379 times
  • The average score is 14 of 17
Answer Stats
Actor/Actress Description Character % Correct
James McAvoy A mutant pacifist and the world's most powerful telepath Charles Xavier / Professor X
98%
Michael Fassbender A mutant with the ability to control magnetic fields and manipulate metal who becomes the last of Apocalypse's horsemen, known as War Erik Lehnsherr / Magneto / War
98%
Oscar Isaac The world's first and most powerful mutant, born in ancient times with a variety of superhuman abilities such as telekinesis and telepathy as well as technopathy, superhuman strength, and size-control, each power augmented after merging with Celestial technology and a special cyber-suit En Sabah Nur / Apocalypse
92%
Hugh Jackman A Canadian who, at the time, is part of the Weapon X program Logan / Wolverine
92%
Jennifer Lawrence A mutant with shapeshifting abilities Raven Darkholme / Mystique
92%
Sophie Turner A mutant who is scared of her telepathic and telekinetic power, and one of Charles Xavier's most prized students Jean Grey
91%
Evan Peters A mutant who can move, think, and perceive at supersonic speeds, and the son of Magneto Peter Maximoff / Quicksilver
91%
Tye Sheridan A mutant that fires uncontrollable, destructive optic beams and wears a visor or sunglasses to stabilize and contain them, and the younger brother of Havok Scott Summers / Cyclops
91%
Nicholas Hoult A mutant with leonine attributes, prehensile feet and superhuman physical abilities Hank McCoy / Beast
90%
Alexandra Shipp An Egyptian mutant orphan who can control weather who finds a father figure in Apocalypse and becomes the first of his horsemen, known as Famine Ororo Munroe / Storm
90%
Kodi Smit-McPhee A German teleporting mutant and one of Charles Xavier's new students Kurt Wagner / Nightcrawler
89%
Ben Hardy A mutant with bird-like feathered wings who becomes Apocalypse's third horseman, known as Death, gaining metallic wings which can also be used as razor sharp projectiles as a result Angel
85%
Lucas Till A mutant who has the ability to absorb energy and release it with destructive force from his body, and the older brother of Cyclops Alex Summers / Havok
78%
Olivia Munn A mutant with telepathic and telekinetic abilities, who becomes the second of Apocalypse's horsemen, known as Pestilence Psylocke
70%
Josh Helman A military officer who hates mutants Colonel William Stryker
59%
Lana Condor A Chinese-American mutant student at Charles' school who has the ability to create psionic energy plasmoids Jubilee
58%
Rose Byrne A CIA agent who first met and fell in love with Xavier in X-Men: First Class, where he wiped portions of her memories of him and the X-Men at the end Moira MacTaggert
43%
No matching quizzes found
Score Distribution
Percent of People with Each Score
Percentile by Number Answered
Your Score History
You have not taken this quiz